Ο πολιτικός ανορθολογισμός στην Ελλάδα : το έργο και η σκέψη του Νεοκλή Καζάζη (1849-1936)
Αποθηκεύτηκε σε:
| Κύριος συγγραφέας: | |
|---|---|
| Μορφή: | Βιβλίο |
| Γλώσσα: | Greek |
| Δημοσίευση: |
Αθήνα :
Τροχαλία,
1996
|
| Θέματα: | |
| Ετικέτες: |
Προσθήκη ετικέτας
Δεν υπάρχουν, Καταχωρήστε ετικέτα πρώτοι!
|
MARC
| LEADER | 00000cam a2200000 i 4500 | ||
|---|---|---|---|
| 001 | 1/8423 | ||
| 008 | 961101s1996 gre d | ||
| 020 | |a 960-7022-75-0 | ||
| 035 | |l 10017089 | ||
| 040 | |a GR-MY-UA |b gre |e aacr | ||
| 041 | 0 | |a gre | |
| 082 | 0 | |a 320.092 | |
| 100 | 1 | |a Κόκκινος, Γιώργος, |d 1960- | |
| 245 | 1 | 2 | |a Ο πολιτικός ανορθολογισμός στην Ελλάδα : |b το έργο και η σκέψη του Νεοκλή Καζάζη (1849-1936) / |c Γιώργος Κόκκινος |
| 260 | |a Αθήνα : |b Τροχαλία, |c 1996 | ||
| 300 | |a 412 σ. | ||
| 504 | |a Περιέχει βιβλιογραφία και ευρετήριο | ||
| 600 | 1 | 0 | |a Καζάζης, Νεοκλής, |d 1849-1936. |
| 650 | 0 | 0 | |a Parliamentary practice |z Greece. |
| 650 | 0 | 0 | |a Political science |z Greece. |
| 650 | 0 | 0 | |a Nationalism |z Greece. |
| 651 | 0 | |a Greece |x Politics and government. | |
| 852 | |a INST |b LESVOS |e 19961101 |h 320.092 ΚΟΚ |p 005100012670 |q 005100012670 |t BK |y 0 | ||
| 852 | |a INST |b RHODES |e 20000426 |h 320.092 ΚΟΚ |p 005400013464 |q 005400013464 |t BK |y 0 | ||
| 901 | |a BIBL4-2000-1 | ||
| 909 | |a Λ |b 048704 | ||
| 909 | |a Ρ |b 073842 | ||
| 922 | |a 4ΔΩΡ |b 200004 |c ΔΩΡΕΑ | ||
| 970 | |a ΚΑΜΑΤΣΟΥ |b ΔΕΣΠΟΙΝΑ |z 1999/10/01 | ||